South Tyneside MBC and Luxury Leisure (Record no. 53144)
[ view plain ]
| 000 -LEADER | |
|---|---|
| fixed length control field | 01128cab a2200217 4500 |
| 001 - CONTROL NUMBER | |
| control field | X90106 |
| 008 - FIXED-LENGTH DATA ELEMENTS--GENERAL INFORMATION | |
| fixed length control field | 090401t1998 xxu||||| |||| 00| 0 eng d |
| 035 ## - SYSTEM CONTROL NUMBER | |
| System control number | (Sirsi) u84556 |
| 041 ## - LANGUAGE CODE | |
| Language code of text/sound track or separate title | eng |
| 245 ## - TITLE STATEMENT | |
| Title | South Tyneside MBC and Luxury Leisure |
| 260 ## - PUBLICATION, DISTRIBUTION, ETC. | |
| Date of publication, distribution, etc. | 1998 |
| 350 ## - PRICE (NR) (BK AM CF MU VM SE) [OBSOLETE] | |
| Price | 0 |
| 490 ## - SERIES STATEMENT | |
| Series statement | Planning Appeal Decisions |
| Volume/sequential designation | [1998] 13 PAD 90-98(7) |
| 520 ## - SUMMARY, ETC. | |
| Summary, etc. | Amusement centre - ancillary retail sales - impact on character and viability of the town centre - structure and district plans - emerging Unitary Development Plan - secondary shopping street - thriving and buoyant town centre - percentage of non-retail uses - policy assuming that non-retail uses only allowable when no retailer would take rpemises inconsistent with emerging UDP and with PPG6 - conditions - costs - refusal contrary to officers advice - refusal reasons not substantiated in evidence - costs awarded. HEADNOTE FROM JOURNAL. |
| 650 ## - SUBJECT ADDED ENTRY--TOPICAL TERM | |
| Topical term or geographic name entry element | AMUSEMENT CENTRE |
| 650 ## - SUBJECT ADDED ENTRY--TOPICAL TERM | |
| Topical term or geographic name entry element | PLANNING POLICY GUIDANCE NOTE SIX |
| 650 ## - SUBJECT ADDED ENTRY--TOPICAL TERM | |
| Topical term or geographic name entry element | SOUTH TYNESIDE MBC AND LUXURY LEISURE |
| 690 ## - LOCAL SUBJECT ADDED ENTRY--TOPICAL TERM (OCLC, RLIN) | |
| Topical term or geographic name as entry element | PLANNING LAW AND PRACTICE-CASE LAW |
| 942 ## - ADDED ENTRY ELEMENTS (KOHA) | |
| Suppress in OPAC | 0 |
| 948 ## - LOCAL PROCESSING INFORMATION (OCLC); SERIES PART DESIGNATOR (RLIN) | |
| c (OCLC) | 27/02/1998 |
| Withdrawn status | Lost status | Source of classification or shelving scheme | Damaged status | Not for loan | Home library | Current library | Shelving location | Date acquired | Total Checkouts | Full call number | Barcode | Date last seen | Copy number | Price effective from | Koha item type |
|---|---|---|---|---|---|---|---|---|---|---|---|---|---|---|---|
| Dewey Decimal Classification | London | London | Journal article | 14/09/1999 | X90106 | 84556-1001 | 06/08/2019 | 1 | 06/08/2019 | Law report |